000 00590nam a22001937a 4500
005 20150409123019.0
010 _aENG-112501
020 _a9789383649334
_c880.00
035 _aEN-96033
037 _bDBAD/PUB
082 _a954.035
245 _aRevisiting Nehru in contemporary India /
_cedited by Baljit Singh
260 _aNew Delhi
_bKW Publishers
_c2015
270 _a4676/21, First Floor, Ansari Road, Daryaganj
_bNew Delhi
_e110002
300 _axv,260p.
_c24cm(Hb)
500 _aIncludes index
700 _aBaljit Singh
942 _2ddc
_cEN
_mREV
_h954.035
999 _c92490
_d92490